000 00766nam a2200253Ia 4500
003 OSt
005 20221006153713.0
006 a|||||r|||| 00| 0
007 ta
008 221006b |||||||| |||| 00| 0 eng d
020 _a0415279186
024 _a33,093
037 _bGift, Shinnyo-en
_cAnnuals, Advances
040 _aEASL
_cEASL
_beng
041 _2eng
_aeng
082 _aD65,8(B)OaY:1.42, P3
100 _aGttieb Nanette Ed.
_9665021
245 0 _aJapanese Cybercultures
260 _alondon
_bRoutledge
_c2003
300 _axv,252p.
_ccm.
700 _a Mclelland Mark Ed.
_9665022
942 _hD65,8(B)OaY:1.42, P3
_cREF
_2CC
999 _c1101179
_d1101179